Pedagogická diagnostika v MŠ práce s portfoliem ditěte

Bibliographic Details
Main Authors: Syslová, Zora, 1964- (Author), Kratochvílová, Jana (Author), Fikarová, Táňa (Author)
Format: Book
Language:Czech
PhysicalDescription:125 strán fotografie, tabuľky 23 cm
Published: Praha Portál 2018
ISBN:9788026213246
Edition:Vydání první
Subjects:

MARC

LEADER 00000cam a2200000 4500
001 vtls011741519
003 SK-MaSNL
005 20260301044611.0
008 180214s2018 xr oj grn 001 0 cze
020 |a 9788026213246  |q (brožované) 
040 |a SNK  |b slo  |c SNK  |e rda 
041 0 |a cze  |b eng 
044 |a xr  |c CZ 
072 7 |a 373.2/.3  |x Predškolská a primárna výchova a vzdelávanie  |2 konspekt 
080 |a 373.29  |2 2011 
080 |a (048.8)  |2 2011 
080 |a 373.24  |2 2011 
100 1 |a Syslová, Zora,  |d 1964-  |4 aut  |9 53454 
245 1 0 |a Pedagogická diagnostika v MŠ  |b práce s portfoliem ditěte  |c Zora Syslová, Jana Kratochvílová, Táňa Fikarová 
250 |a Vydání první 
264 1 |a Praha  |b Portál  |c 2018 
300 |a 125 strán  |b fotografie, tabuľky  |c 23 cm 
336 |a text  |b txt  |2 rdacontent 
337 |a bez média  |b n  |2 rdamedia 
338 |a zväzok  |b nc  |2 rdacarrier 
504 |a Bibliografia na strane 109-114 ; vecný register 
546 |a Anglické resumé 
650 0 7 |a školská spôsobilosť  |2 SNKPH  |9 69730 
650 0 7 |a deti predškolského veku  |2 SNKPH  |9 4103 
650 0 7 |a materské školy  |2 SNKPH  |9 1278 
650 0 7 |a pedagogická diagnostika  |2 SNKPH  |9 4068 
650 0 7 |a Readiness for school  |2 SNKPHeng  |9 133122 
650 0 7 |a Kindergartens  |2 SNKPHeng  |9 265897 
650 0 7 |a Educational diagnostics  |2 SNKPHeng  |9 326138 
655 7 |a monografie  |2 SNKPH  |9 70139 
655 7 |a Monographs  |2 SNKPHeng  |9 120675 
700 1 |a Kratochvílová, Jana  |4 aut  |9 351292 
700 1 |a Fikarová, Táňa  |4 aut  |9 351293 
852 |a Štátna vedecká knižnica v Banskej Bystrici 
919 |a 978-80-262-1324-6 
958 |a NB 
958 |a CZ 
958 |a SP 
999 |c 596368  |d 598298 
952 |t snkSYS 373.29  |a SNKUST  |b SNKUST  |y PREZ  |7 0  |p 17A1351038  |o snkIC 144431  |i snk2018/26854  |8 3  |g 7.94  |0 0  |1 0  |4 0  |d 2018-12-12  |l 0  |r 2025-03-19 00:00:00  |w 2026-02-23